00310nam a22001337a 4500003000400000008004100004020001800045082001600063100001700079245002400096250001100120260003700131300000800168OSt240323b |||||||| |||| 00| 0 eng d a9789387284227 a005.133 MCR aMcGRATH,Mike aR for Data Analysis a1st Ed aNew DelhibBPB Publicationc2023 a192